[Event "NAYCC U12 w"]
[Site "Toronto CAN"]
[Date "2013.08.16"]
[Round "5"]
[White "Xu, Allyson"]
[Black "Edouard, Marie-Erline"]
[Result "1-0"]
[WhiteElo "967"]
[BlackElo "988"]
[PlyCount "157"]
[GameId "2160767909275744"]
[EventDate "2013.08.14"]
[EventType "swiss"]
[EventRounds "9"]
[EventCountry "CAN"]
[SourceTitle "EXT 2022"]
[Source "ChessBase"]
[SourceDate "2021.10.06"]
[SourceVersion "1"]
[SourceVersionDate "2021.10.06"]
[SourceQuality "1"]

1. e4 e5 2. Nf3 Nc6 3. Bb5 Nf6 4. O-O Bc5 5. Re1 O-O 6. h3 d6 7. d3 h6 8. Be3 Re8 9. Nbd2 a6 10. Ba4 b5 11. Bb3 Be6 12. c3 Rb8 13. Bc2 Qd7 14. Bxc5 dxc5 15. Nf1 Bxh3 16. gxh3 Qxh3 17. Ng3 Rbd8 18. Qe2 c4 19. Qf1 Qg4 20. Re3 Rd6 21. Kh2 Red8 22. Qh3 h5 23. Qxg4 Nxg4+ 24. Kg2 Nxe3+ 25. fxe3 cxd3 26. Bd1 d2 27. Nxh5 Rd3 28. Kf2 R8d6 29. Ke2 b4 30. Bc2 d1=Q+ 31. Rxd1 Rxd1 32. Bxd1 bxc3 33. bxc3 g6 34. Ng3 a5 35. Bb3 Na7 36. Nxe5 Nb5 37. c4 Nc3+ 38. Ke1 a4 39. Bc2 Rb6 40. Nd3 Nxa2 41. Bxa4 Rb1+ 42. Kf2 Nc3 43. Bc6 Nd1+ 44. Ke2 Nc3+ 45. Kd2 Rg1 46. Ne2 Nxe2 47. Kxe2 g5 48. Ne5 g4 49. Bd5 g3 50. Nxf7 g2 51. Kf2 Rf1+ 52. Kxg2 Rxf7 53. Kg3 c6 54. Bxf7+ Kxf7 55. e5 Ke6 56. Kf4 c5 57. Ke4 Ke7 58. Kd5 Kd7 59. Kxc5 Ke6 60. Kd4 Kd7 61. Kd5 Ke7 62. Kc6 Ke6 63. Kb7 Kxe5 64. c5 Kd5 65. c6 Kd6 66. c7 Kd7 67. c8=Q+ Kd6 68. Qc6+ Ke5 69. Qc4 Kf5 70. Qd4 Ke6 71. Kc6 Kf5 72. e4+ Kg6 73. Qf2 Kg5 74. e5 Kg6 75. e6 Kg7 76. e7 Kg6 77. e8=Q+ Kg7 78. Qef7+ Kh6 79. Q2f6# 1-0

[Event "NAYCC U12 w"]
[Site "Toronto CAN"]
[Date "2013.08.16"]
[Round "5"]
[White "Zhou, Lily"]
[Black "Sengupta, Sikata"]
[Result "1-0"]
[WhiteElo "1643"]
[BlackElo "1513"]
[PlyCount "115"]
[GameId "2160767909275746"]
[EventDate "2013.08.14"]
[EventType "swiss"]
[EventRounds "9"]
[EventCountry "CAN"]
[SourceTitle "EXT 2022"]
[Source "ChessBase"]
[SourceDate "2021.10.06"]
[SourceVersion "1"]
[SourceVersionDate "2021.10.06"]
[SourceQuality "1"]

1. d4 d5 2. c4 e6 3. Nc3 Nf6 4. Nf3 Nbd7 5. Bg5 c6 6. e3 Qa5 7. cxd5 exd5 8. Bd3 Ne4 9. Qc2 f5 10. O-O Bd6 11. Bh4 Qc7 12. b4 Nb6 13. b5 Bd7 14. bxc6 Qxc6 15. Ne2 Qxc2 16. Bxc2 h6 17. Bg3 Nxg3 18. Nxg3 Rf8 19. Nh4 f4 20. Ngf5 Bxf5 21. Nxf5 O-O-O 22. Nxg7 Rf7 23. Ne6 Rg8 24. Rac1 Kb8 25. Bd3 fxe3 26. fxe3 Re7 27. Rf6 Rge8 28. Bf5 Nc4 29. e4 dxe4 30. Rxc4 e3 31. Rc2 Rc8 32. Rxc8+ Kxc8 33. Nf4+ Kd8 34. Rxd6+ Kc7 35. Nd5+ Kxd6 36. Nxe7 Kxe7 37. Kf1 Kf6 38. Be4 b5 39. Ke2 a5 40. Kxe3 b4 41. Bc2 Ke6 42. Ke4 Kd6 43. Ba4 Ke6 44. h3 Kd6 45. Bb3 h5 46. g4 hxg4 47. hxg4 Ke7 48. Ke5 Ke8 49. Ke6 a4 50. Bxa4+ Kf8 51. d5 b3 52. axb3 Kg8 53. d6 Kf8 54. d7 Kg7 55. b4 Kh6 56. Kf6 Kh7 57. d8=R Kh6 58. Rh8# 1-0

[Event "NAYCC U12 w"]
[Site "Toronto CAN"]
[Date "2013.08.16"]
[Round "5"]
[White "Zhu, Jiarong"]
[Black "Nguyen, An"]
[Result "1/2-1/2"]
[WhiteElo "1224"]
[BlackElo "1654"]
[PlyCount "69"]
[GameId "2160767909275747"]
[EventDate "2013.08.14"]
[EventType "swiss"]
[EventRounds "9"]
[EventCountry "CAN"]

1. e4 c6 2. d4 d5 3. e5 Bf5 4. Nf3 e6 5. Be3 Nd7 6. Nbd2 c5 7. c3 Rc8 8. Be2 Ne7 9. O-O Nc6 10. Nb3 Qb6 11. Nh4 Bg6 12. Nxg6 hxg6 13. Rb1 Be7 14. h3 a6 15. Re1 Qa7 16. Rc1 Qb6 17. Rb1 Qa7 18. Rc1 b5 19. a3 Qb6 20. Nxc5 Nxc5 21. dxc5 Bxc5 22. Bxc5 Qxc5 23. Bf3 Na5 24. b4 Qe7 25. bxa5 Qxa3 26. Ra1 Qxc3 27. Rc1 Qxc1 28. Qxc1 Rxc1 29. Rxc1 Kd7 30. Kf1 f6 31. exf6 gxf6 32. Ke2 Kd6 33. Ke3 e5 34. Rd1 d4+ 35. Kd2 1/2-1/2

[Event "NAYCC U12 w"]
[Site "Toronto CAN"]
[Date "2013.08.17"]
[Round "6"]
[White "Davis, Katherine"]
[Black "Tan, Kylie"]
[Result "1-0"]
[WhiteElo "1841"]
[BlackElo "1203"]
[PlyCount "137"]
[GameId "2160767909275749"]
[EventDate "2013.08.14"]
[EventType "swiss"]
[EventRounds "9"]
[EventCountry "CAN"]
[SourceTitle "EXT 2022"]
[Source "ChessBase"]
[SourceDate "2021.10.06"]
[SourceVersion "1"]
[SourceVersionDate "2021.10.06"]
[SourceQuality "1"]

1. e4 e5 2. Nf3 Nc6 3. Bb5 a6 4. Ba4 Nf6 5. O-O b5 6. Bb3 Be7 7. Re1 O-O 8. c3 d6 9. h3 Na5 10. Bc2 c5 11. d4 Nd7 12. Nbd2 Nc6 13. Nf1 Nf6 14. Ng3 h6 15. Be3 Nh7 16. Qd2 Ng5 17. Nxg5 Bxg5 18. dxe5 dxe5 19. Qxd8 Rxd8 20. Bxc5 Rd2 21. Re2 Rxe2 22. Nxe2 Bb7 23. Rd1 Rd8 24. Rxd8+ Nxd8 25. f3 f6 26. g3 h5 27. Bb3+ Kh7 28. Kf2 Bc8 29. h4 Bh6 30. Bd5 Be6 31. Bxe6 Nxe6 32. Be3 Bxe3+ 33. Kxe3 Nc7 34. Nc1 Kg6 35. Nd3 Kf7 36. Kd2 Ke7 37. Kc2 Kd6 38. Kb3 Kc6 39. Kb4 Kb6 40. f4 a5+ 41. Kb3 a4+ 42. Kc2 exf4 43. Nxf4 Kc6 44. Nxh5 Ne6 45. Kd3 Kc5 46. b3 axb3 47. axb3 b4 48. Nf4 Nxf4+ 49. gxf4 bxc3 50. Kxc3 Kb5 51. b4 Kb6 52. h5 Kb5 53. Kb3 Kb6 54. Kc4 Kc6 55. b5+ Kb6 56. Kb4 Kb7 57. Kc5 Kc7 58. b6+ Kb7 59. Kb5 Kb8 60. Kc6 Kc8 61. e5 fxe5 62. fxe5 Kd8 63. b7 Ke7 64. Kd5 g5 65. b8=Q g4 66. Qd6+ Ke8 67. e6 g3 68. Qd7+ Kf8 69. Qf7# 1-0

[Event "NAYCC U12 w"]
[Site "Toronto CAN"]
[Date "2013.08.17"]
[Round "6"]
[White "Dommalapati, Aasa"]
[Black "Kaneshalingam, Mathanhe"]
[Result "1/2-1/2"]
[WhiteElo "1590"]
[BlackElo "1515"]
[PlyCount "75"]
[GameId "2160767909275750"]
[EventDate "2013.08.14"]
[EventType "swiss"]
[EventRounds "9"]
[EventCountry "CAN"]
[SourceTitle "EXT 2022"]
[Source "ChessBase"]
[SourceDate "2021.10.06"]
[SourceVersion "1"]
[SourceVersionDate "2021.10.06"]
[SourceQuality "1"]

1. e4 c5 2. d4 cxd4 3. c3 d3 4. Bxd3 Nc6 5. Nf3 d6 6. h3 Nf6 7. O-O e5 8. Qe2 Be7 9. Rd1 Qc7 10. Be3 O-O 11. Nbd2 h6 12. Rac1 Be6 13. c4 Rfd8 14. Bb1 a5 15. Nf1 Nb8 16. Ng3 Nbd7 17. Nh2 Nc5 18. Bxc5 Qxc5 19. Kh1 Rac8 20. Qe1 Qb6 21. b3 a4 22. Bc2 axb3 23. axb3 Ra8 24. Ra1 Qc6 25. f3 b5 26. Bd3 bxc4 27. bxc4 Ra4 28. Rxa4 Qxa4 29. Rc1 Rb8 30. Rb1 Rxb1 31. Qxb1 Bxc4 32. Bxc4 Qxc4 33. Nf5 Bf8 34. Ng4 Nxg4 35. hxg4 Qc8 36. Qb6 Qe6 37. Qb8 Qd7 38. Qa8 1/2-1/2

[Event "NAYCC U12 w"]
[Site "Toronto CAN"]
[Date "2013.08.17"]
[Round "6"]
[White "Edouard, Marie-Erline"]
[Black "Gao, Catherine"]
[Result "0-1"]
[WhiteElo "988"]
[BlackElo "1133"]
[PlyCount "118"]
[GameId "2160767909275751"]
[EventDate "2013.08.14"]
[EventType "swiss"]
[EventRounds "9"]
[EventCountry "CAN"]
[SourceTitle "EXT 2022"]
[Source "ChessBase"]
[SourceDate "2021.10.06"]
[SourceVersion "1"]
[SourceVersionDate "2021.10.06"]
[SourceQuality "1"]

1. e4 e5 2. Nf3 Nc6 3. Nc3 Nf6 4. Bc4 Bc5 5. d3 d6 6. Bg5 Bg4 7. Nd5 h6 8. Bxf6 gxf6 9. h3 Bh5 10. g4 Bg6 11. Qd2 Nd4 12. Nxd4 Bxd4 13. O-O-O c6 14. c3 cxd5 15. Bb5+ Ke7 16. cxd4 Rc8+ 17. Kb1 a6 18. Ba4 b5 19. Bb3 dxe4 20. Bc2 a5 21. dxe4 Qc7 22. Rc1 Qb7 23. Rhd1 Bxe4 24. Bxe4 Qxe4+ 25. Ka1 Rxc1+ 26. Rxc1 Rb8 27. Rc7+ Ke6 28. d5+ Qxd5 29. Qe1 Rb7 30. Rc1 Qd4 31. Rd1 Qc5 32. Rc1 Qb6 33. Qe4 Rc7 34. Qf5+ Ke7 35. Re1 Qc5 36. a3 b4 37. axb4 Qxb4 38. Qb1 Qd4 39. Rd1 Qxf2 40. Rf1 Qd2 41. Rd1 Qc2 42. Qxc2 Rxc2 43. Kb1 Rh2 44. Rd3 e4 45. Re3 d5 46. Ka2 Ke6 47. Ka3 Ke5 48. Ka4 Rxb2 49. Ka3 Rb8 50. Ka4 d4 51. Re1 e3 52. Kxa5 Ke4 53. Ka6 d3 54. Rh1 e2 55. Ka7 Rb2 56. Ka6 d2 57. Ka5 e1=Q 58. Rxe1+ dxe1=Q+ 59. Ka6 Qa1# 0-1

[Event "NAYCC U12 w"]
[Site "Toronto CAN"]
[Date "2013.08.17"]
[Round "6"]
[White "Escamilla Romero, Quetzija"]
[Black "Tang, Terra"]
[Result "1-0"]
[WhiteElo "1151"]
[BlackElo "1036"]
[PlyCount "49"]
[GameId "2160767909275752"]
[EventDate "2013.08.14"]
[EventType "swiss"]
[EventRounds "9"]
[EventCountry "CAN"]
[SourceTitle "EXT 2022"]
[Source "ChessBase"]
[SourceDate "2021.10.06"]
[SourceVersion "1"]
[SourceVersionDate "2021.10.06"]
[SourceQuality "1"]

1. e4 e5 2. Nf3 Nc6 3. d4 Nf6 4. d5 Ne7 5. Nc3 c6 6. Nxe5 d6 7. Nf3 cxd5 8. exd5 Qa5 9. Bc4 Nfxd5 10. Bxd5 Nxd5 11. Qxd5 Qd8 12. Ng5 Qe7+ 13. Kf1 Be6 14. Nxe6 fxe6 15. Qb5+ Kd8 16. Bg5 Qxg5 17. Qxg5+ Be7 18. Qxg7 Rf8 19. Re1 e5 20. Nd5 Re8 21. Nxe7 Rxe7 22. Qf8+ Re8 23. Qxd6+ Kc8 24. Rxe5 Rd8 25. Rc5# 1-0

[Event "NAYCC U12 w"]
[Site "Toronto CAN"]
[Date "2013.08.17"]
[Round "6"]
[White "Gillan, Rahma"]
[Black "Xu, Allyson"]
[Result "0-1"]
[WhiteElo "1150"]
[BlackElo "967"]
[PlyCount "144"]
[GameId "2160767909275753"]
[EventDate "2013.08.14"]
[EventType "swiss"]
[EventRounds "9"]
[EventCountry "CAN"]
[SourceTitle "EXT 2022"]
[Source "ChessBase"]
[SourceDate "2021.10.06"]
[SourceVersion "1"]
[SourceVersionDate "2021.10.06"]
[SourceQuality "1"]

1. e4 e5 2. Nf3 Nc6 3. Bc4 Be7 4. c3 Nf6 5. d3 d6 6. Nbd2 h6 7. Bb3 Be6 8. Bc2 d5 9. exd5 Nxd5 10. Ne4 Qd7 11. d4 exd4 12. Nxd4 Nxd4 13. Qxd4 Bf6 14. Nxf6+ Nxf6 15. Qxd7+ Bxd7 16. O-O O-O 17. h3 Rfe8 18. Be3 Bc6 19. Rfe1 a6 20. Rad1 Nd5 21. Bd4 Nf4 22. Be5 Nxg2 23. Rf1 Rxe5 24. Rd2 Rg5 25. Kh2 Rd5 26. Rxd5 Bxd5 27. Kg3 g5 28. Rd1 Bc6 29. b3 Nf4 30. Re1 Kg7 31. c4 Re8 32. Rxe8 Bxe8 33. h4 Ne2+ 34. Kg4 f6 35. Be4 b6 36. hxg5 hxg5 37. Bd3 Nf4 38. Be4 a5 39. Kf3 Bh5+ 40. Ke3 Bg6 41. Bc6 Bb1 42. a3 Bc2 43. b4 axb4 44. axb4 Bb3 45. Kd4 Kf7 46. Bb5 Nh3 47. Ke3 Ke6 48. f3 Ke5 49. Ba6 c6 50. c5 bxc5 51. bxc5 Bd5 52. Bb7 Ng1 53. f4+ Kf5 54. Bc8+ Be6 55. Bxe6+ Kxe6 56. Ke4 gxf4 57. Kxf4 Ne2+ 58. Ke4 f5+ 59. Ke3 Nc3 60. Kd4 Nb5+ 61. Kc4 Ke5 62. Kb4 f4 63. Ka5 f3 64. Kb6 Nd4 65. Ka7 f2 66. Kb7 f1=Q 67. Ka8 Qb1 68. Ka7 Kd5 69. Ka8 Kxc5 70. Ka7 Kd6 71. Ka6 Kc7 72. Ka5 Qb5# 0-1

[Event "NAYCC U12 w"]
[Site "Toronto CAN"]
[Date "2013.08.17"]
[Round "6"]
[White "Kao, Camille"]
[Black "Ravishankar, Ramitha"]
[Result "1/2-1/2"]
[WhiteElo "1747"]
[BlackElo "1581"]
[PlyCount "118"]
[GameId "2160767909275754"]
[EventDate "2013.08.14"]
[EventType "swiss"]
[EventRounds "9"]
[EventCountry "CAN"]
[SourceTitle "EXT 2022"]
[Source "ChessBase"]
[SourceDate "2021.10.06"]
[SourceVersion "1"]
[SourceVersionDate "2021.10.06"]
[SourceQuality "1"]

1. e4 e6 2. Nf3 d5 3. Nc3 Nf6 4. e5 Nfd7 5. d4 c5 6. Be3 Nc6 7. Bb5 Qb6 8. Bxc6 bxc6 9. dxc5 Bxc5 10. Bxc5 Nxc5 11. b3 Ba6 12. Rb1 Rd8 13. Ne2 Ne4 14. Qd4 Bxe2 15. Kxe2 Qxd4 16. Nxd4 Nc3+ 17. Kd3 Nxb1 18. Rxb1 Rc8 19. a4 O-O 20. f4 c5 21. Nb5 a6 22. Nd6 Rc6 23. b4 cxb4 24. Rxb4 f6 25. Rb7 h6 26. Re7 g5 27. Rxe6 gxf4 28. exf6 Kh7 29. c3 Kg6 30. f7+ Kh7 31. Kd4 Rxf7 32. Kxd5 Rxc3 33. Nxf7 Rd3+ 34. Ke4 Rd2 35. Kxf4 Rf2+ 36. Kg3 Rxf7 37. Rxa6 Rg7+ 38. Kf2 Rb7 39. h3 Rb2+ 40. Kg3 Rb3+ 41. Kh4 Rb2 42. a5 Rxg2 43. Ra7+ Kg6 44. Ra8 Ra2 45. a6 Ra4+ 46. Kg3 Kg7 47. a7 Kh7 48. Kf2 Kg7 49. Ke2 Kh7 50. Kd2 Kg7 51. Kc2 Kh7 52. h4 Kg7 53. Kb3 Ra1 54. h5 Kh7 55. Kb4 Kg7 56. Kc5 Rc1+ 57. Kb4 Ra1 58. Kb3 Kh7 59. Kb2 Ra5 1/2-1/2

[Event "NAYCC U12 w"]
[Site "Toronto CAN"]
[Date "2013.08.17"]
[Round "6"]
[White "Liu, Jiaxin (Dora)"]
[Black "Li, Catherine"]
[Result "1-0"]
[WhiteElo "1693"]
[BlackElo "1143"]
[PlyCount "117"]
[GameId "2160767909275755"]
[EventDate "2013.08.14"]
[EventType "swiss"]
[EventRounds "9"]
[EventCountry "CAN"]

1. d4 Nf6 2. Nf3 g6 3. e3 Bg7 4. Bd3 d6 5. Nc3 Nbd7 6. b3 a6 7. a4 b6 8. Bb2 c5 9. Ne4 Bb7 10. Nxf6+ Bxf6 11. O-O O-O 12. Rb1 Bg7 13. Re1 cxd4 14. exd4 Nf6 15. c4 Qd7 16. d5 Rfe8 17. Bc2 e6 18. dxe6 Rxe6 19. h3 Rc8 20. Bd3 Rxe1+ 21. Nxe1 Nh5 22. Bxg7 Kxg7 23. Be2 Rc5 24. Nf3 f6 25. Qd4 Qf5 26. Re1 Nf4 27. Qxd6 Nxe2+ 28. Rxe2 Bxf3 29. gxf3 Qxh3 30. Qe7+ Kh6 31. f4 Qg4+ 32. Kf1 Qxf4 33. Re3 Rh5 34. Qf8+ Kg5 35. Rg3+ Kf5 36. Qc8+ Ke4 37. Rg4 Rh1+ 38. Ke2 Rh5 39. Rxf4+ Kxf4 40. Qb8+ Re5+ 41. Kd2 Kf3 42. Qxb6 Re2+ 43. Kd3 Rxf2 44. Qe3+ Kg2 45. Qe4+ Kg3 46. c5 h5 47. Qxg6+ Kf3 48. Qxf6+ Kg2 49. Qg5+ Kf1 50. Qxh5 Rf6 51. Qh1+ Kf2 52. Qh4+ Kf3 53. Qxf6+ Kg4 54. c6 Kg3 55. c7 Kg2 56. c8=Q Kg3 57. Qg5+ Kf2 58. Qcf5+ Ke1 59. Qd2# 1-0

[Event "NAYCC U12 w"]
[Site "Toronto CAN"]
[Date "2013.08.17"]
[Round "6"]
[White "Palakollu, Samritha"]
[Black "Zhu, Jiarong"]
[Result "1-0"]
[WhiteElo "1761"]
[BlackElo "1224"]
[PlyCount "111"]
[GameId "2160767909275757"]
[EventDate "2013.08.14"]
[EventType "swiss"]
[EventRounds "9"]
[EventCountry "CAN"]
[SourceTitle "EXT 2022"]
[Source "ChessBase"]
[SourceDate "2021.10.06"]
[SourceVersion "1"]
[SourceVersionDate "2021.10.06"]
[SourceQuality "1"]

1. e4 c5 2. Nf3 e6 3. d4 cxd4 4. Nxd4 Nf6 5. Nc3 Bb4 6. Qd3 Nc6 7. Bd2 Qb6 8. Nxc6 Qxc6 9. f3 O-O 10. a3 Bc5 11. e5 Nd5 12. Nxd5 exd5 13. O-O-O d6 14. exd6 Bxd6 15. Bc3 Be6 16. Re1 Bc5 17. Bd4 Bxd4 18. Qxd4 Bf5 19. Qd2 Rac8 20. Bd3 Bxd3 21. Qxd3 Rfe8 22. Rxe8+ Rxe8 23. Rd1 Qh6+ 24. Kb1 Qxh2 25. Qxd5 Qxg2 26. Qxb7 Qe2 27. Qd7 h6 28. Rd2 Qe1+ 29. Rd1 Qe7 30. c4 Qxd7 31. Rxd7 Rc8 32. Rd4 g5 33. b4 h5 34. c5 h4 35. Rg4 f6 36. f4 Kf7 37. fxg5 fxg5 38. Rxg5 Ke6 39. Rh5 h3 40. Rxh3 a5 41. Kc2 Kd7 42. Rh7+ Kc6 43. Ra7 axb4 44. axb4 Rb8 45. Kc3 Kd5 46. Rh7 Rb5 47. Rh5+ Kc6 48. Kc4 Rb8 49. Rh6+ Kd7 50. b5 Kc7 51. b6+ Kb7 52. Kb5 Re8 53. c6+ Kb8 54. Rh7 Re5+ 55. Ka6 Rc5 56. Rh8# 1-0

[Event "NAYCC U12 w"]
[Site "Toronto CAN"]
[Date "2013.08.17"]
[Round "6"]
[White "Sengupta, Sikata"]
[Black "Robles Ortiz, Christina"]
[Result "1-0"]
[WhiteElo "1513"]
[BlackElo "1526"]
[PlyCount "105"]
[GameId "2160767909275759"]
[EventDate "2013.08.14"]
[EventType "swiss"]
[EventRounds "9"]
[EventCountry "CAN"]
[SourceTitle "EXT 2022"]
[Source "ChessBase"]
[SourceDate "2021.10.06"]
[SourceVersion "1"]
[SourceVersionDate "2021.10.06"]
[SourceQuality "1"]

1. d4 Nf6 2. Nf3 g6 3. g3 Bg7 4. Bg2 O-O 5. c4 d6 6. Nc3 Nbd7 7. O-O Re8 8. Re1 e5 9. e4 h6 10. h3 Nh7 11. dxe5 Nxe5 12. Nxe5 Rxe5 13. Bf4 Re8 14. Qd2 g5 15. Be3 Qf6 16. Rad1 g4 17. h4 Qg6 18. Nd5 Rb8 19. Nxc7 Rd8 20. Bxa7 Bd7 21. Bxb8 Rxb8 22. Qxd6 Qxd6 23. Rxd6 Bc6 24. Rd2 Bf8 25. Red1 Be7 26. Nd5 Bc5 27. Ne3 Bxe3 28. fxe3 Kg7 29. Rd8 Rxd8 30. Rxd8 Nf8 31. e5 Bxg2 32. Kxg2 Ne6 33. Rc8 h5 34. b4 Kg6 35. a4 Kf5 36. Rb8 Kxe5 37. Rxb7 f6 38. a5 Ke4 39. a6 Nd8 40. Re7+ Kf5 41. a7 Nc6 42. a8=Q Nxe7 43. e4+ Ke6 44. Qe8 Kd6 45. c5+ Ke6 46. c6 Kd6 47. Qd7+ Ke5 48. Qxe7+ Kd4 49. Qe6 Kc3 50. c7 Kxb4 51. c8=R Kb5 52. Qb3+ Ka6 53. Ra8# 1-0

[Event "NAYCC U12 w"]
[Site "Toronto CAN"]
[Date "2013.08.17"]
[Round "6"]
[White "Shen, Celina"]
[Black "Paraparan, Varshini"]
[Result "0-1"]
[WhiteElo "527"]
[BlackElo "1506"]
[PlyCount "66"]
[GameId "2160767909275760"]
[EventDate "2013.08.14"]
[EventType "swiss"]
[EventRounds "9"]
[EventCountry "CAN"]
[SourceTitle "EXT 2022"]
[Source "ChessBase"]
[SourceDate "2021.10.06"]
[SourceVersion "1"]
[SourceVersionDate "2021.10.06"]
[SourceQuality "1"]

1. e4 d6 2. Nf3 Nf6 3. Nc3 g6 4. d4 Bg7 5. Be3 O-O 6. Qd2 Ng4 7. Bf4 e5 8. dxe5 dxe5 9. h3 exf4 10. hxg4 Qxd2+ 11. Nxd2 Bxg4 12. f3 Be6 13. Nb5 Bxb2 14. Rb1 Be5 15. Nc4 Bxc4 16. Bxc4 a6 17. Na3 Ra7 18. Bd5 c6 19. Nc4 Bc3+ 20. Kf1 cxd5 21. Nd6 dxe4 22. Nxe4 Be5 23. Ke2 Rc8 24. c3 b5 25. a3 Bxc3 26. Nxc3 Rxc3 27. Rh6 Rxa3 28. Rbh1 Ra2+ 29. Kd3 f5 30. R1h2 Rd7+ 31. Kc3 a5 32. Kb3 Rad2 33. Rxh7 R7d3# 0-1

[Event "NAYCC U12 w"]
[Site "Toronto CAN"]
[Date "2013.08.17"]
[Round "6"]
[White "Tao, Ellen"]
[Black "Zhou, Lily"]
[Result "0-1"]
[WhiteElo "1198"]
[BlackElo "1643"]
[PlyCount "112"]
[GameId "2160767909275761"]
[EventDate "2013.08.14"]
[EventType "swiss"]
[EventRounds "9"]
[EventCountry "CAN"]
[SourceTitle "EXT 2022"]
[Source "ChessBase"]
[SourceDate "2021.10.06"]
[SourceVersion "1"]
[SourceVersionDate "2021.10.06"]
[SourceQuality "1"]

1. e4 c5 2. Nf3 Nc6 3. d4 cxd4 4. Nxd4 g6 5. Nc3 Bg7 6. Be3 Nf6 7. Nxc6 bxc6 8. e5 Ng8 9. f4 Nh6 10. Be2 O-O 11. O-O d6 12. exd6 exd6 13. Bd4 Nf5 14. Bxg7 Kxg7 15. Qd3 c5 16. Rfd1 Nd4 17. g4 Qh4 18. Qg3 Qxg3+ 19. hxg3 Nxc2 20. Rab1 Nd4 21. g5 Re8 22. Bc4 Bg4 23. Rdc1 Nf3+ 24. Kg2 Nd2 25. Bd5 Rab8 26. Ra1 Rxb2 27. Kg1 Re3 28. Nd1 Rxg3+ 29. Kh1 Rb4 30. Kh2 Rd3 31. Nf2 Rxd5 32. Nxg4 Rxf4 33. Ne3 Rxg5 34. Ng2 Rf2 35. Rg1 Nf3+ 36. Kh3 Nxg1+ 37. Rxg1 Rxa2 38. Kh2 Raxg2+ 39. Rxg2 Rxg2+ 40. Kxg2 a5 41. Kf2 a4 42. Ke3 a3 43. Kd3 a2 44. Kc4 a1=Q 45. Kd5 Qh1+ 46. Kxd6 Qh5 47. Kc6 c4 48. Kb6 Qd5 49. Kc7 Qe6 50. Kb7 Kf6 51. Kc7 Ke5 52. Kb7 c3 53. Kc7 c2 54. Kb7 c1=R 55. Kb8 Qb6+ 56. Ka8 Rc8# 0-1

[Event "NAYCC U12 w"]
[Site "Toronto CAN"]
[Date "2013.08.17"]
[Round "6"]
[White "Trakru, Priya"]
[Black "Nguyen, An"]
[Result "0-1"]
[WhiteElo "1911"]
[BlackElo "1654"]
[PlyCount "100"]
[GameId "2160767909275762"]
[EventDate "2013.08.14"]
[EventType "swiss"]
[EventRounds "9"]
[EventCountry "CAN"]

1. e4 c6 2. d4 d5 3. Nc3 dxe4 4. Nxe4 Bf5 5. Ng3 Bg6 6. Nh3 Nf6 7. Nf4 Nbd7 8. h4 e6 9. h5 Bf5 10. Nxf5 Qa5+ 11. Bd2 Qxf5 12. f3 Nd5 13. g4 Qf6 14. Nxd5 exd5 15. Qe2+ Qe7 16. Qxe7+ Bxe7 17. O-O-O O-O-O 18. Bd3 Bd6 19. Rde1 h6 20. f4 Rde8 21. Kd1 Nf6 22. Rxe8+ Rxe8 23. Re1 Kd8 24. Rxe8+ Kxe8 25. Bf5 Kd8 26. Ke2 Kc7 27. Kf3 b6 28. Kg3 Be7 29. Bd3 Kb7 30. Kf3 Kc7 31. Bf5 Kb7 32. Bd3 a5 33. a4 Ka7 34. c4 Kb7 35. Be3 Kc7 36. b3 Kb7 37. Bd2 Bd6 38. Be2 Ne4 39. Be1 Be7 40. Ke3 Kc7 41. Bf3 Nf6 42. cxd5 Nxd5+ 43. Bxd5 cxd5 44. Kd3 Bd6 45. Bd2 Kd7 46. g5 Ke6 47. Ke3 Kf5 48. Kf3 Be7 49. Be3 hxg5 50. fxg5 Bxg5 0-1

[Event "NAYCC U12 w"]
[Site "Toronto CAN"]
[Date "2013.08.17"]
[Round "6"]
[White "Wang, Constance"]
[Black "Roque Sola, Andrea"]
[Result "1-0"]
[WhiteElo "1651"]
[BlackElo "1560"]
[PlyCount "33"]
[GameId "2160767909275764"]
[EventDate "2013.08.14"]
[EventType "swiss"]
[EventRounds "9"]
[EventCountry "CAN"]
[SourceTitle "EXT 2022"]
[Source "ChessBase"]
[SourceDate "2021.10.06"]
[SourceVersion "1"]
[SourceVersionDate "2021.10.06"]
[SourceQuality "1"]

1. e4 e5 2. f4 exf4 3. Nf3 d6 4. Bc4 Bg4 5. O-O g6 6. d4 Nc6 7. Bxf4 Bxf3 8. Qxf3 Qf6 9. e5 Qf5 10. g4 Qd7 11. Bg5 Nh6 12. Bxh6 Bxh6 13. Bxf7+ Kd8 14. Qf6+ Qe7 15. Qxh8+ Bf8 16. Bd5 Ke8 17. Rf7 1-0

[Event "NAYCC U12 w"]
[Site "Toronto CAN"]
[Date "2013.08.17"]
[Round "6"]
[White "Yu, Jennifer"]
[Black "Ouellet, Maili-Jade"]
[Result "1/2-1/2"]
[WhiteElo "1993"]
[BlackElo "1669"]
[PlyCount "122"]
[GameId "2160767909275765"]
[EventDate "2013.08.14"]
[EventType "swiss"]
[EventRounds "9"]
[EventCountry "CAN"]
[SourceTitle "EXT 2022"]
[Source "ChessBase"]
[SourceDate "2021.10.06"]
[SourceVersion "1"]
[SourceVersionDate "2021.10.06"]
[SourceQuality "1"]

1. c4 e6 2. e4 c5 3. Nc3 Nc6 4. Nf3 d6 5. g3 Nf6 6. Bg2 Be7 7. O-O O-O 8. h3 a6 9. a3 Qa5 10. d3 Rb8 11. Bd2 Qc7 12. Rb1 b5 13. cxb5 axb5 14. b4 Ba6 15. Re1 Nd7 16. Nh2 Bf6 17. Ne2 Nb6 18. Ng4 Be7 19. f4 Rfd8 20. Rc1 Na4 21. Kh2 c4 22. dxc4 Nb2 23. Qb3 Nxc4 24. Bc3 Qb6 25. f5 Bg5 26. Rcd1 h5 27. h4 Bxh4 28. Nh6+ gxh6 29. gxh4 exf5 30. Bf3 Qf2+ 31. Bg2 Ne3 32. Rg1 Qxh4+ 33. Bh3+ Ng4+ 34. Rxg4+ hxg4 35. Nf4 Qf2+ 36. Kh1 Qf3+ 37. Bg2 Qxf4 38. Rf1 Qg5 39. Rxf5 Qh4+ 40. Kg1 Rd7 41. Qd1 Ne7 42. Qd4 f6 43. Rxf6 Qg5 44. Rf4 Ng6 45. Rf5 Qe7 46. e5 dxe5 47. Qxg4 Kh7 48. Be4 Rg8 49. Rxe5 Qf7 50. Re6 Rd1+ 51. Kh2 Qf2+ 52. Kh3 Qf1+ 53. Kh2 Qf7 54. Rxg6 Rxg6 55. Bxg6+ Qxg6 56. Qxd1 h5 57. Qd7+ Kg8 58. Qd8+ Kf7 59. Qd7+ Kg8 60. Qd8+ Kf7 61. Qd7+ Kg8 1/2-1/2

[Event "NAYCC U12 w"]
[Site "Toronto CAN"]
[Date "2013.08.17"]
[Round "7"]
[White "Gao, Catherine"]
[Black "Shen, Celina"]
[Result "0-1"]
[WhiteElo "1133"]
[BlackElo "527"]
[PlyCount "92"]
[GameId "2160767909275766"]
[EventDate "2013.08.14"]
[EventType "swiss"]
[EventRounds "9"]
[EventCountry "CAN"]
[SourceTitle "hb 2013"]

1. d4 d5 2. c4 e6 3. Nc3 Nf6 4. e3 g6 5. cxd5 exd5 6. Nf3 Bg7 7. g3 O-O 8. Bg2 Nc6 9. O-O Ne4 10. Bd2 Be6 11. Qc2 Nxc3 12. Bxc3 Qd7 13. Rac1 Bh3 14. Rfd1 Bxg2 15. Kxg2 Rfe8 16. Qb3 Rad8 17. Qxb7 Rb8 18. Qa6 Qd6 19. a3 Rb6 20. Qe2 Rb3 21. Qc2 Rb6 22. Qd2 Ne7 23. Bb4 Qf6 24. Rxc7 Nc6 25. Bc5 Rbb8 26. Rd7 Rb5 27. Rd6 Re6 28. Rxe6 Qxe6 29. Qe2 a6 30. Rc1 Ne7 31. Qc2 Rb8 32. b4 Rc8 33. Qb3 h5 34. Rc2 Bf6 35. h4 Nf5 36. Ng5 Bxg5 37. hxg5 Qe4+ 38. Kf1 Qf3 39. Kg1 h4 40. gxh4 Qd1+ 41. Kh2 Nxh4 42. f4 Nf3+ 43. Kg2 Ne1+ 44. Kf2 Nxc2 45. Qxd5 Qe1+ 46. Kf3 Qh1+ 0-1